000 00339 a2200109 4500
001 ART_11470
005 20260410161857.0
008 260409a
245 1 0 _aLas políticas económicas en el gobierno de Alfonsín
100 1 _aVisintini, Alfredo
773 0 _tRevista de Economía
_g- Nº 68 (ene./mar. 1993)
_wREV11077
999 _c25606
_d25606